Slovensko volí Európske a prezidentské voľby 2009

Salvato in:
Dettagli Bibliografici
Altri autori: Mesežnikov, Grigorij, Gyárfášová, Oľga, Kollár, Miroslav
Natura: Libro
Lingua:slovacco
Pubblicazione: Bratislava IVO - Inštitút pre verejné otázky 2009
Serie:Štúdie a názory
Soggetti:
Tags: Aggiungi Tag
Nessun Tag, puoi essere il primo ad aggiungerne!!

MARC

LEADER 00000nam a2200000 4500
001 0125388
005 20240109072329.0
020 |a 80-89345-18-2 
020 |a 978-80-89345-18-2 
041 0 |a slo 
044 |a SK 
245 1 0 |a Slovensko volí  |b Európske a prezidentské voľby 2009  |c Grigorij Mesežnikov, Oľga Gyárfášová, Miroslav Kollár editori 
264 1 |a Bratislava  |b IVO - Inštitút pre verejné otázky  |c 2009 
300 |a 206 s.  |e 1 CD-ROM 
490 1 |a Štúdie a názory 
830 0 |a Štúdie a názory 
610 2 0 |a voľby 
610 2 0 |a parlamenty 
610 2 0 |a prezidenti 
610 2 0 |a orgány zastupiteľské 
610 2 0 |a kampane volebné 
610 2 0 |a výsledky volebné 
610 2 0 |a Európa 
610 2 0 |a Slovensko 
700 1 |a Mesežnikov, Grigorij 
700 1 |a Gyárfášová, Oľga 
700 1 |a Kollár, Miroslav